Лаврентьев монастырь (Запись № 10442008)

Подробности
000 -МАРКЕР
контрольное поле 01858nam0a2200373 i 4500
001 - ИДЕНТИФИКАТОР ЗАПИСИ
контрольное поле RU\NLR\BIBL_A\010865404
005 - ИДЕНТИФИКАТОР ВЕРСИИ
контрольное поле 20260405143622.0
010 ## - МЕЖДУНАРОДНЫЙ СТАНДАРТНЫЙ НОМЕР КНИГИ (ISBN)
Номер (ISBN) 9785905756252
Тираж 500
021 ## - НОМЕР ГОСУДАРСТВЕННОЙ РЕГИСТРАЦИИ
Код страны Российская Федерация
Номер 2015-71817
Номер Листа государственной регистраци 4308
035 ## - ДРУГИЕ СИСТЕМНЫЕ НОМЕРА
Идентификатор записи (NILC)RuMoRGB-008023834
035 ## - ДРУГИЕ СИСТЕМНЫЕ НОМЕРА
Идентификатор записи (NLR Aleph) 010865404
100 ## - ДАННЫЕ ОБЩЕЙ ОБРАБОТКИ
Данные общей обработки 20151021d2015 km y0rusy50 ca
101 0# - ЯЗЫК РЕСУРСА
Язык текста, звукозаписи и т.д. русский
102 ## - СТРАНА ПУБЛИКАЦИИ ИЛИ ПРОИЗВОДСТВА
Страна публикации Российская Федерация
105 ## - ПОЛЕ КОДИРОВАННЫХ ДАННЫХ: ТЕКСТОВЫЕ МАТЕРИАЛЫ, МОНОГРАФИЧЕСКИЕ
Кодированные данные о монографическом текстовом документе ach z 100yy
200 1# - ЗАГЛАВИЕ И СВЕДЕНИЯ ОБ ОТВЕТСТВЕННОСТИ
Основное заглавие Лаврентьев монастырь
Сведения, относящиеся к заглавию история и современность
-- материалы I и II Свято-Лаврентьевских краеведческих чтений, Калуга, 2013-2014
-- [сборник
Первые сведения об ответственности ред. В. Н. Фридгельм]
210 ## - ПУБЛИКАЦИЯ, РАСПРОСТРАНЕНИЕ И ДР.
Место издания, распространения и т.д. Калуга
Имя издателя, распространителя и т. д. Фридгельм
Дата издания, распространения и т.д. 2015
215 ## - ФИЗИЧЕСКАЯ ХАРАКТЕРИСТИКА
Специфическое обозначение материала и объем 239 с.
Другие сведения о физической характеристике ил., портр., факс.
Размеры 29
320 ## - ПРИМЕЧАНИЯ О НАЛИЧИИ В ДОКУМЕНТЕ БИБЛИОГРАФИИ / УКАЗАТЕЛЯ
Текст примечания Библиогр. в конце ст.
601 02 - НАИМЕНОВАНИЕ ОРГАНИЗАЦИИ КАК ПРЕДМЕТ
Начальный элемент ввода Калужский Свято-Лаврентьев монастырь
601 02 - НАИМЕНОВАНИЕ ОРГАНИЗАЦИИ КАК ПРЕДМЕТ
Начальный элемент ввода Калужский Свято-Лаврентьев монастырь
Системный номер авторитетной/нормативной записи 2236091
Идентификатор авторитетной/нормативной записи RU\NLR\AUTH\6601573856
686 1# - ИНДЕКСЫ ДРУГИХ КЛАССИФИКАЦИЙ
Индекс Э372.24-647.2
702 #1 - ИМЯ ЛИЦА - ВТОРИЧНАЯ ОТВЕТСТВЕННОСТЬ
Код отношения Редактор
Материалы, к которым относится поле rus
Графика поля Кириллица
Начальный элемент ввода Фридгельм
Часть имени, кроме начального элемента ввода В. Н.
Даты 1960-
Расширение инициалов личного имени Валентина Николаевна
Идентификатор авторитетной/нормативной записи RU\NLR\AUTH\7759322
Системный номер авторитетной/нормативной записи 42254
711 02 - НАИМЕНОВАНИЕ ОРГАНИЗАЦИИ - АЛЬТЕРНАТИВНАЯ ОТВЕТСТВЕННОСТЬ
Начальный элемент ввода Калужский Свято-Лаврентьев монастырь
Системный номер авторитетной/нормативной записи 470173
Идентификатор авторитетной/нормативной записи RU\NLR\AUTH\880401614
711 12 - НАИМЕНОВАНИЕ ОРГАНИЗАЦИИ - АЛЬТЕРНАТИВНАЯ ОТВЕТСТВЕННОСТЬ
Начальный элемент ввода Свято-Лаврентьевские краеведческие чтения
Порядковый номер временной организации и / или порядковый номер ее части 1
Место проведения временной организации Калуга
Дата проведения временной организации 2013
Системный номер авторитетной/нормативной записи 488314
Идентификатор авторитетной/нормативной записи RU\NLR\AUTH\880411381
711 12 - НАИМЕНОВАНИЕ ОРГАНИЗАЦИИ - АЛЬТЕРНАТИВНАЯ ОТВЕТСТВЕННОСТЬ
Начальный элемент ввода Свято-Лаврентьевские краеведческие чтения
Порядковый номер временной организации и / или порядковый номер ее части 2
Место проведения временной организации Калуга
Дата проведения временной организации 2014
Системный номер авторитетной/нормативной записи 488316
Идентификатор авторитетной/нормативной записи RU\NLR\AUTH\880411382
801 #0 - ИСТОЧНИК ЗАПИСИ
Страна Российская Федерация
Организация РГБ
Дата составления 20150921
Правила каталогизации RCR
942 ## - ДОПОЛНИТЕЛЬНЫЕ ЭЛЕМЕНТЫ ЗАПИСИ (АБИС)
Тип экземпляра АБИС Книга
980 ## - КОЛЛЕКЦИЯ
Название коллекции НБР

Нет доступных экземпляров.